00331nam a2200121Ia 4500008004100000041000800041082001300049100004200062245003700104260003500141300001200176999002100188231228s1994 xx 000 0 und d aeng a4.6bENG aENGSI (A.C.) / LOW (C) / SIMON (M.A.) aInternet Starter Kit for Windows aNew DelhibHAYDEN BOOK Ac1994 aXXI,608 c1084917d1084917